Statistics for Ghost Flavors (Energy Drink)

Click here to take the quiz!

General Stats

  • This quiz has been taken 13 times
  • The average score is 4 of 13

Answer Stats

Answer% Correct
Cherry Limeade
80%
Orange Cream
80%
Swedish Fish
60%
Citrus
40%
Blue Raspberry
20%
Faze Pop
20%
Redberry
20%
Sour Green Apple
20%
Sour Pink Lemonade
20%
Sour Watermelon
20%
Strawbango Margarita
20%
Tropical Mango
20%
Bubblegum
0%

Score Distribution

Percentile by Number Answered

Percent of People with Each Score

Your Score History

You have not taken this quiz